00739cam a2200205 a 450000100100000000500170001000800410002704000290006808200190009710000330011624500950014926000340024430000210027865000270029965000310032691000330035704900090039095201170039999900170051600001896820200929165906.0830419s1963 ag 000 1 spa d aDO-SdBNPbspacLCdBNPHU aA863.44bD448u1 aDescotte, Mario Luis.91726913aLa última vuelta del trompo :bcrónica portena del año 1930 /cMario Lucas Descotte. aBuenos Aires :bErgon,c1963. a216 p. ;c18 cm. 4aNovela argentina93941 4aLiteratura argentina93860 aCatalogación derivada / LC aBNGR 001050718MOaGRbGRcCTd2010-05-21iLF1l0oA863.44 D448up18968-10r2020-06-25w2020-06-25y1ZNo se presta c18486d18486